Things that have to do with the number 16 - Statistics

General Stats
  • This quiz has been taken 17 times
  • The average score is 3 of 6
Answer Stats
Hint Answer % Correct
The sixteenth letter in the alphabet P
100%
16 is the square root of which number 256
60%
The sixteenth president of America Abraham Lincoln
60%
The number 16 in Spanish Dieciseis
33%
The sixteenth state of the Union Tennessee
13%
The sixteenth Disney character created Oswald the Lucky Rabbit
0%
No matching quizzes found
Score Distribution
Percent of People with Each Score
Percentile by Number Answered
Your Score History
You have not taken this quiz